[Event "Moravia-Silesia Region-chT 2223"]
[Site "Czech Republic"]
[Date "2022.11.13"]
[Round "3"]
[White "Poloch, Petr"]
[Black "Vicha, Martin"]
[Result "1-0"]
[WhiteElo "2259"]
[BlackElo "1958"]
[PlyCount "105"]
[EventDate "2022.10.09"]
[EventType "team-tourn"]
[EventRounds "11"]
[EventCountry "CZE"]
[SourceTitle "EXT 2024"]
[Source "ChessBase"]
[SourceDate "2023.10.10"]
[SourceVersion "1"]
[SourceVersionDate "2023.10.10"]
[SourceQuality "1"]
[WhiteTeam "Karvina"]
[BlackTeam "Opava Slezan"]
[WhiteTeamCountry "CZE"]
[BlackTeamCountry "CZE"]

1. c4 c6 2. Nf3 Nf6 3. Nc3 d5 4. e3 e6 5. Qc2 Bd6 6. b3 Qe7 7. Bb2 Ba3 8. d4 Bxb2 9. Qxb2 b6 10. Bd3 Nbd7 11. 0-0 0-0 12. cxd5 exd5 13. b4 c5 14. bxc5 bxc5 15. Qa3 Bb7 16. Na4 Rfc8 17. Rfc1 Rc7 18. Rc2 Rac8 19. Rac1 Bc6 20. Nxc5 Bb7 21. Qa5 Nxc5 22. Rxc5 Rxc5 23. Rxc5 Rxc5 24. dxc5 Bc8 25. Nd4 Nd7 26. Nf5 Qf8 27. Nd6 Ne5 28. Bb5 a6 29. Bxa6 Bxa6 30. Qxa6 Qb8 31. Qb6 Nd7 32. Qxb8+ Nxb8 33. Kf1 g6 34. Ke2 Nc6 35. Nb5 Kf8 36. Kd2 Nb4 37. a3 Na6 38. c6 Ke7 39. Kc3 Nc5 40. Kd4 Na4 41. Kxd5 f6 42. e4 h6 43. f4 g5 44. g3 Nb6+ 45. Kc5 Na4+ 46. Kb4 Nb6 47. a4 h5 48. a5 Na8 49. Kc5 Ke6 50. f5+ Ke7 51. Kd5 h4 52. gxh4 gxh4 53. h3 1-0

[Event "CZE-chT2F 2122"]
[Site "Czech Republic"]
[Date "2022.04.03"]
[Round "11.5"]
[White "Poloch, Petr"]
[Black "Podlesny, Pavel"]
[Result "0-1"]
[WhiteElo "2276"]
[BlackElo "2054"]
[PlyCount "106"]
[EventDate "2021.10.17"]
[EventType "team-tourn"]
[EventRounds "11"]
[EventCountry "CZE"]
[SourceTitle "EXT 2024"]
[Source "ChessBase"]
[SourceDate "2023.10.10"]
[SourceVersion "1"]
[SourceVersionDate "2023.10.10"]
[SourceQuality "1"]
[WhiteTeam "Karvina"]
[BlackTeam "Havirov Banik"]
[WhiteTeamCountry "CZE"]
[BlackTeamCountry "CZE"]

1. c4 e5 2. Nc3 d6 3. Nf3 Nc6 4. d4 Be7 5. d5 Nb8 6. e4 f5 7. exf5 Bxf5 8. Bd3 Qd7 9. 0-0 Na6 10. Bxf5 Qxf5 11. b4 Bf6 12. Re1 Ne7 13. Qa4+ Qd7 14. Qxd7+ Kxd7 15. Rb1 Rhf8 16. Ne4 Rad8 17. Nfg5 Bxg5 18. Nxg5 Rf5 19. Nxh7 Rh8 20. Ng5 c6 21. dxc6+ bxc6 22. Ne4 Rfh5 23. h3 Nf5 24. Ng3 Nxg3 25. fxg3 Rb8 26. Bd2 Nc7 27. Rbd1 Re8 28. g4 Rhh8 29. Bc3 Ke6 30. Rf1 Rhf8 31. Rxf8 Rxf8 32. Rf1 Rxf1+ 33. Kxf1 d5 34. cxd5+ cxd5 35. h4 d4 36. Bd2 Nd5 37. Ke2 e4 38. b5 Ke5 39. h5 e3 40. Be1 Ke4 41. g3 Nf6 42. g5 Nxh5 43. a4 d3+ 44. Kd1 Kd5 45. Bc3 g6 46. a5 Nxg3 47. b6 axb6 48. axb6 Ne4 49. b7 Nxc3+ 50. Kc1 d2+ 51. Kb2 d1Q 52. b8Q Qb1+ 53. Ka3 Qa2+ 0-1

[Event "CZE-chT2F 1920"]
[Site "Czech Republic"]
[Date "2019.11.17"]
[Round "3.1"]
[White "Poloch, Petr"]
[Black "Biolek, Richard Jr"]
[Result "1/2-1/2"]
[WhiteElo "2276"]
[BlackElo "2454"]
[PlyCount "29"]
[EventDate "2019.10.13"]
[EventType "team-tourn"]
[EventRounds "11"]
[EventCountry "CZE"]
[SourceTitle "EXT 2024"]
[Source "ChessBase"]
[SourceDate "2023.10.10"]
[SourceVersion "1"]
[SourceVersionDate "2023.10.10"]
[SourceQuality "1"]
[WhiteTeam "Karvina"]
[BlackTeam "Grygov Proclient"]
[WhiteTeamCountry "CZE"]
[BlackTeamCountry "CZE"]

1. c4 Nf6 2. Nc3 g6 3. e4 d6 4. d4 Bg7 5. f4 c5 6. d5 0-0 7. Nf3 e6 8. Be2 exd5 9. cxd5 Nbd7 10. 0-0 Re8 11. Nd2 c4 12. Kh1 Nc5 13. e5 dxe5 14. fxe5 Rxe5 15. Nxc4 1/2-1/2

[Event "CZE-chT2F 1819"]
[Site "Czech Republic"]
[Date "2019.01.27"]
[Round "7.1"]
[White "Poloch, Petr"]
[Black "Olsarova, Karolina"]
[Result "1/2-1/2"]
[WhiteElo "2274"]
[BlackElo "2263"]
[PlyCount "29"]
[EventDate "2018.10.14"]
[EventType "team-tourn"]
[EventRounds "11"]
[EventCountry "CZE"]
[SourceTitle "EXT 2022"]
[Source "ChessBase"]
[SourceDate "2021.10.06"]
[SourceVersion "1"]
[SourceVersionDate "2021.10.06"]
[SourceQuality "1"]
[WhiteTeam "Karvina"]
[BlackTeam "Orlova Slavia II"]
[WhiteTeamCountry "CZE"]
[BlackTeamCountry "CZE"]

1. c4 e5 2. Nc3 Nf6 3. Nf3 Nc6 4. g3 d5 5. cxd5 Nxd5 6. Bg2 Nb6 7. 0-0 Be7 8. a3 a5 9. d3 0-0 10. Be3 Be6 11. Rc1 Nd5 12. Bd2 Nxc3 13. Bxc3 Bf6 14. Nd2 Bd5 15. Bxd5 1/2-1/2

[Event "CZE-chT2F 1819"]
[Site "Czech Republic"]
[Date "2019.01.13"]
[Round "6.1"]
[White "Muzik, Martin"]
[Black "Poloch, Petr"]
[Result "1-0"]
[WhiteElo "2171"]
[BlackElo "2274"]
[PlyCount "146"]
[EventDate "2018.10.14"]
[EventType "team-tourn"]
[EventRounds "11"]
[EventCountry "CZE"]
[SourceTitle "EXT 2022"]
[Source "ChessBase"]
[SourceDate "2021.10.06"]
[SourceVersion "1"]
[SourceVersionDate "2021.10.06"]
[SourceQuality "1"]
[WhiteTeam "Opava KVS"]
[BlackTeam "Karvina"]
[WhiteTeamCountry "CZE"]
[BlackTeamCountry "CZE"]

1. e4 c5 2. c3 d5 3. exd5 Qxd5 4. d4 Nf6 5. Nf3 Bg4 6. Be2 e6 7. h3 Bh5 8. 0-0 Nc6 9. Be3 cxd4 10. Nxd4 Bxe2 11. Qxe2 Nxd4 12. Bxd4 Be7 13. Rd1 Qc6 14. Nd2 0-0 15. c4 Rfd8 16. Nf3 a6 17. b3 Bc5 18. Bxc5 Qxc5 19. Rxd8+ Rxd8 20. Rd1 Qc7 21. b4 h6 22. Rxd8+ Qxd8 23. Qd2 Qc7 24. Qd4 Nd7 25. a3 Qc6 26. c5 f6 27. Nd2 Ne5 28. f4 Ng6 29. Qe4 Kf7 30. Kf2 f5 31. Qxc6 bxc6 32. Nc4 Ke7 33. Ke3 Kd8 34. g3 h5 35. h4 Ne7 36. Kd4 Ng6 37. a4 Kc7 38. Ne5 Ne7 39. Nf3 Nd5 40. Ke5 Nxb4 41. Kxe6 Nd3 42. Kxf5 Nxc5 43. Kg6 Ne4 44. Kxh5 Nxg3+ 45. Kg6 c5 46. f5 c4 47. h5 c3 48. Ne1 Nxh5 49. Kxh5 Kd6 50. Kg6 Ke5 51. a5 Ke4 52. Nc2 Ke5 53. Na3 Ke4 54. Nc2 Ke5 55. Kg5 Ke4 56. Ne1 Ke3 57. Nc2+ Ke4 58. Nb4 Kd4 59. Kf4 Kc4 60. Nc2 Kd3 61. Na1 c2 62. Nb3 Kc3 63. Nc1 Kd4 64. Na2 Kd3 65. Ke5 Ke3 66. Kd5 Kf4 67. Ke6 Ke4 68. Nc1 Kf4 69. f6 gxf6 70. Kxf6 Ke3 71. Ke5 Kd2 72. Na2 c1Q 73. Nxc1 Kxc1 1-0

[Event "CZE-chT2F 1819"]
[Site "Czech Republic"]
[Date "2018.11.04"]
[Round "2.1"]
[White "Luch, Michal"]
[Black "Poloch, Petr"]
[Result "1/2-1/2"]
[WhiteElo "2363"]
[BlackElo "2274"]
[PlyCount "68"]
[EventDate "2018.10.14"]
[EventType "team-tourn"]
[EventRounds "11"]
[EventCountry "CZE"]
[SourceTitle "EXT 2022"]
[Source "ChessBase"]
[SourceDate "2021.10.06"]
[SourceVersion "1"]
[SourceVersionDate "2021.10.06"]
[SourceQuality "1"]
[WhiteTeam "Vrbno pod Pradedem"]
[BlackTeam "Karvina"]
[WhiteTeamCountry "CZE"]
[BlackTeamCountry "CZE"]

1. d4 Nf6 2. c4 e6 3. Nc3 Bb4 4. Qc2 0-0 5. a3 Bxc3+ 6. Qxc3 d5 7. Bg5 c5 8. e3 cxd4 9. Qxd4 Nc6 10. Qc3 Ne4 11. Bxd8 Nxc3 12. Bc7 Ne4 13. cxd5 exd5 14. f3 Nf6 15. Bd3 Re8 16. Kf2 Be6 17. Ne2 Rac8 18. Bg3 Nd7 19. Rhd1 Nde5 20. Bb5 Red8 21. Bxe5 Nxe5 22. Nd4 a6 23. Be2 Nc6 24. Rac1 Nxd4 25. exd4 Kf8 26. Bd3 Rxc1 27. Rxc1 Rc8 28. Rxc8+ Bxc8 29. Ke3 Ke7 30. Kd2 h6 31. Kc3 Kd6 32. Kb4 b6 33. h4 g5 34. g3 f5 1/2-1/2

[Event "CZE-chT2F 1718"]
[Site "Czech Republic"]
[Date "2018.03.18"]
[Round "10.2"]
[White "Mrazek, Lumir"]
[Black "Poloch, Petr"]
[Result "1/2-1/2"]
[WhiteElo "2278"]
[BlackElo "2275"]
[PlyCount "22"]
[EventDate "2017.10.15"]
[EventType "team-tourn"]
[EventRounds "11"]
[EventCountry "CZE"]
[SourceTitle "EXT 2022"]
[Source "ChessBase"]
[SourceDate "2021.10.06"]
[SourceVersion "1"]
[SourceVersionDate "2021.10.06"]
[SourceQuality "1"]
[WhiteTeam "Orlova Slavia"]
[BlackTeam "Karvina"]
[WhiteTeamCountry "CZE"]
[BlackTeamCountry "CZE"]

1. e4 c5 2. Nc3 e6 3. f4 d5 4. Bb5+ Bd7 5. Bxd7+ Qxd7 6. d3 Nc6 7. Nf3 dxe4 8. Nxe4 Nf6 9. Bd2 Be7 10. 0-0 c4 11. Bc3 cxd3 1/2-1/2

[Event "CZE-chT2F 1718"]
[Site "Czech Republic"]
[Date "2017.12.03"]
[Round "4.4"]
[White "Poloch, Petr"]
[Black "Pan, Vladimir"]
[Result "1-0"]
[WhiteElo "2275"]
[BlackElo "2029"]
[PlyCount "47"]
[EventDate "2017.10.15"]
[EventType "team-tourn"]
[EventRounds "11"]
[EventCountry "CZE"]
[SourceTitle "EXT 2022"]
[Source "ChessBase"]
[SourceDate "2021.10.06"]
[SourceVersion "1"]
[SourceVersionDate "2021.10.06"]
[SourceQuality "1"]
[WhiteTeam "Karvina"]
[BlackTeam "Vrbno pod Pradedem"]
[WhiteTeamCountry "CZE"]
[BlackTeamCountry "CZE"]

1. c4 Nf6 2. Nc3 d6 3. d4 g6 4. e4 Bg7 5. f4 0-0 6. Nf3 c5 7. d5 Bg4 8. Be2 Nbd7 9. 0-0 a6 10. a4 Qc7 11. Be3 Rad8 12. Qd2 Rfe8 13. h3 Bxf3 14. Bxf3 Qb6 15. a5 Qc7 16. g4 Rf8 17. g5 Ne8 18. h4 Rb8 19. h5 Qd8 20. hxg6 fxg6 21. Bg4 Nc7 22. Be6+ Kh8 23. Qh2 Re8 24. Bf7 1-0

[Event "Ceske Budejovice op"]
[Site "Ceske Budejovice"]
[Date "2016.06.27"]
[Round "4"]
[White "Teterev, Vitaly"]
[Black "Poloch, Petr"]
[Result "1-0"]
[WhiteElo "2504"]
[BlackElo "2301"]
[PlyCount "67"]
[EventDate "2016.06.24"]
[EventType "swiss"]
[EventRounds "9"]
[EventCountry "CZE"]
[SourceTitle "EXT 2017"]
[Source "ChessBase"]
[SourceDate "2016.10.25"]
[SourceVersion "1"]
[SourceVersionDate "2016.10.25"]
[SourceQuality "1"]

1. Nf3 Nf6 2. g3 c5 3. Bg2 Nc6 4. 0-0 e5 5. e4 Be7 6. Re1 0-0 7. c3 d6 8. d4 cxd4 9. cxd4 Bg4 10. d5 Nd4 11. Be3 Nxf3+ 12. Bxf3 Bxf3 13. Qxf3 Qa5 14. Nc3 Rfc8 15. Bd2 Nd7 16. Qe2 Qa6 17. Kf1 Bd8 18. Qxa6 bxa6 19. Na4 Nb6 20. Nxb6 Bxb6 21. Rac1 Kf8 22. f4 Bd4 23. Bb4 Ke7 24. b3 Kd7 25. Ke2 Bb2 26. Rxc8 Rxc8 27. Kd3 f6 28. Bd2 Bd4 29. Rf1 Rc7 30. g4 Ke8 31. h4 Bb6 32. g5 Ke7 33. h5 Rc8 34. h6 1-0

[Event "Ceske Budejovice op"]
[Site "Ceske Budejovice"]
[Date "2016.06.26"]
[Round "3"]
[White "Poloch, Petr"]
[Black "Velicka, Petr"]
[Result "1/2-1/2"]
[WhiteElo "2301"]
[BlackElo "2438"]
[PlyCount "31"]
[EventDate "2016.06.24"]
[EventType "swiss"]
[EventRounds "9"]
[EventCountry "CZE"]
[SourceTitle "EXT 2017"]
[Source "ChessBase"]
[SourceDate "2016.10.25"]
[SourceVersion "1"]
[SourceVersionDate "2016.10.25"]
[SourceQuality "1"]

1. e4 e5 2. Nf3 Nc6 3. Bb5 a6 4. Bxc6 dxc6 5. 0-0 f6 6. d4 exd4 7. Nxd4 c5 8. Ne2 Qxd1 9. Rxd1 Be6 10. Nbc3 Bd6 11. Bf4 0-0-0 12. Rd2 Ne7 13. Rad1 Bxf4 14. Rxd8+ Rxd8 15. Rxd8+ Kxd8 16. Nxf4 1/2-1/2

[Event "CZE-chT1E 1516"]
[Site "Czech Republic"]
[Date "2015.10.25"]
[Round "2.2"]
[White "Talla, Vladimir"]
[Black "Poloch, Petr"]
[Result "1/2-1/2"]
[WhiteElo "2445"]
[BlackElo "2300"]
[PlyCount "111"]
[EventDate "2015.10.11"]
[EventType "team-tourn"]
[EventRounds "11"]
[EventCountry "CZE"]
[SourceTitle "CBM 169 Extra"]
[Source "ChessBase"]
[SourceDate "2015.12.18"]
[SourceVersion "1"]
[SourceVersionDate "2015.12.18"]
[SourceQuality "1"]
[WhiteTeam "Orlova Slavia"]
[BlackTeam "Karvina"]
[WhiteTeamCountry "CZE"]
[BlackTeamCountry "CZE"]

1. d4 Nf6 2. c4 e6 3. Nc3 c5 4. Nf3 cxd4 5. Nxd4 Bb4 6. Qc2 Nc6 7. Nxc6 bxc6 8. a3 Be7 9. e4 e5 10. Be2 0-0 11. 0-0 Qc7 12. Bg5 h6 13. Bxf6 Bxf6 14. c5 Be7 15. Na4 Rd8 16. Rfd1 d5 17. cxd6 Bxd6 18. Rac1 Bd7 19. Nc5 Be8 20. Na6 Qe7 21. b4 Qg5 22. g3 Rac8 23. h4 Qg6 24. Bf1 Bd7 25. h5 Qf6 26. Qe2 Be7 27. Qe3 Bg4 28. Be2 Bxe2 29. Qxe2 Rd4 30. Rxd4 exd4 31. Nc5 Bxc5 32. Rxc5 Rd8 33. Qd3 Qe6 34. Kg2 Rd6 35. Ra5 Rd7 36. Ra6 Qe5 37. Rxc6 Qxh5 38. Rc8+ Kh7 39. Rc5 Qg6 40. f4 Re7 41. f5 Qg4 42. e5 g6 43. fxg6+ fxg6 44. Rd5 Rd7 45. Rxd7+ Qxd7 46. Qe4 d3 47. e6 Qe7 48. Kf2 Kg7 49. Ke3 Kf6 50. Kxd3 Qxe6 51. Qh4+ Kf7 52. Qf4+ Qf6 53. Qxh6 Qd6+ 54. Ke2 Qa6+ 55. Kf2 Qxa3 56. Qf4+ 1/2-1/2

[Event "CZE-chT 1415"]
[Site "Czech Republic"]
[Date "2015.01.10"]
[Round "5.7"]
[White "Kociscak, Jiri"]
[Black "Poloch, Petr"]
[Result "1-0"]
[WhiteElo "2432"]
[BlackElo "2297"]
[PlyCount "45"]
[EventDate "2014.11.01"]
[EventType "team-tourn"]
[EventRounds "11"]
[EventCountry "CZE"]
[SourceTitle "EXT 2016"]
[Source "ChessBase"]
[SourceDate "2015.10.08"]
[SourceVersion "1"]
[SourceVersionDate "2015.10.08"]
[SourceQuality "1"]
[WhiteTeam "Ostrava Labortech"]
[BlackTeam "Karvina"]
[WhiteTeamCountry "CZE"]
[BlackTeamCountry "CZE"]

1. d4 Nf6 2. c4 e6 3. Nc3 Bb4 4. f3 d5 5. a3 Bxc3+ 6. bxc3 c5 7. cxd5 exd5 8. e3 0-0 9. Bd3 b6 10. Ne2 Ba6 11. Bxa6 Nxa6 12. 0-0 Nc7 13. Ng3 Re8 14. Qd3 Qd7 15. Bb2 Qb5 16. Qd2 Qc6 17. Rae1 Nb5 18. e4 cxd4 19. cxd4 dxe4 20. Nf5 e3 21. Rxe3 Rxe3 22. Qxe3 Nd5 23. Qe5 1-0

[Event "CZE-chT 1415"]
[Site "Czech Republic"]
[Date "2014.11.29"]
[Round "3.5"]
[White "Vokac, Marek"]
[Black "Poloch, Petr"]
[Result "1/2-1/2"]
[WhiteElo "2458"]
[BlackElo "2297"]
[PlyCount "33"]
[EventDate "2014.11.01"]
[EventType "team-tourn"]
[EventRounds "11"]
[EventCountry "CZE"]
[SourceTitle "CBM 163 Extra"]
[Source "ChessBase"]
[SourceDate "2014.12.23"]
[SourceVersion "1"]
[SourceVersionDate "2014.12.23"]
[SourceQuality "1"]
[WhiteTeam "Turnov Zikuda"]
[BlackTeam "Karvina"]
[WhiteTeamCountry "CZE"]
[BlackTeamCountry "CZE"]

1. c4 Nf6 2. Nc3 e6 3. Nf3 d5 4. d4 Be7 5. Bg5 h6 6. Bh4 0-0 7. e3 Nbd7 8. Rc1 c6 9. Bd3 dxc4 10. Bxc4 b5 11. Bd3 a6 12. 0-0 c5 13. a4 b4 14. Ne4 cxd4 15. Nxd4 Bb7 16. Nxf6+ Bxf6 17. Bxf6 1/2-1/2

[Event "Piestany op"]
[Site "Piestany"]
[Date "2014.11.17"]
[Round "4"]
[White "Poloch, Petr"]
[Black "Cech, Dominik"]
[Result "1-0"]
[WhiteElo "2297"]
[BlackElo "2119"]
[PlyCount "77"]
[EventDate "2014.11.15"]
[EventType "swiss"]
[EventRounds "8"]
[EventCountry "SVK"]
[SourceTitle "EXT 2023"]
[Source "ChessBase"]
[SourceDate "2022.10.05"]
[SourceVersion "1"]
[SourceVersionDate "2022.10.05"]
[SourceQuality "1"]

1. c4 Nf6 2. Nc3 g6 3. e4 d6 4. d4 Bg7 5. f4 0-0 6. Nf3 Na6 7. Be2 e5 8. dxe5 dxe5 9. Nxe5 Nc5 10. Bf3 Qe7 11. 0-0 c6 12. Qe2 Re8 13. Re1 Be6 14. Be3 Nfd7 15. Nxd7 Bxd7 16. e5 Bf5 17. g4 Bd3 18. Qf2 Ne6 19. Ne4 Bxe4 20. Bxe4 f6 21. f5 Nc7 22. e6 Qb4 23. b3 gxf5 24. gxf5 Rad8 25. Kh1 Kh8 26. Rg1 Qd6 27. Bf4 Qe7 28. Rad1 a6 29. Qg3 Rxd1 30. Rxd1 Nxe6 31. fxe6 Qxe6 32. Bf3 Rg8 33. Rg1 Qf7 34. Qh4 Bf8 35. Rxg8+ Kxg8 36. Qg4+ Kh8 37. Qf5 Bb4 38. Be5 Kg7 39. Qg5+ 1-0

[Event "Piestany op"]
[Site "Piestany"]
[Date "2014.11.16"]
[Round "3"]
[White "Poloch, Petr"]
[Black "Sturc, Jan"]
[Result "1-0"]
[WhiteElo "2297"]
[BlackElo "2056"]
[PlyCount "63"]
[EventDate "2014.11.15"]
[EventType "swiss"]
[EventRounds "8"]
[EventCountry "SVK"]
[SourceTitle "EXT 2023"]
[Source "ChessBase"]
[SourceDate "2022.10.05"]
[SourceVersion "1"]
[SourceVersionDate "2022.10.05"]
[SourceQuality "1"]

1. c4 e5 2. Nc3 Nf6 3. Nf3 Nc6 4. e3 d6 5. Be2 Bf5 6. d4 g5 7. d5 Ne7 8. Nxg5 h6 9. Nf3 Rg8 10. Nh4 Bh7 11. Qa4+ c6 12. f4 Nd7 13. g3 Nc5 14. Qd1 Bg7 15. Ng2 e4 16. 0-0 Qd7 17. Bd2 Nd3 18. Bxd3 exd3 19. Qf3 cxd5 20. Nxd5 Nxd5 21. Qxd5 Qc6 22. f5 Qxd5 23. cxd5 Be5 24. Rac1 Kd7 25. Ne1 Rg5 26. e4 Rg4 27. Rc4 h5 28. Rf3 Rag8 29. Nxd3 Bxg3 30. hxg3 Rxg3+ 31. Kf2 Rg2+ 32. Ke3 1-0

[Event "Imperia op-A 56th"]
[Site "Imperia"]
[Date "2014.09.01"]
[Round "2"]
[White "Poloch, Petr"]
[Black "Ricci, Marco"]
[Result "1-0"]
[WhiteElo "2280"]
[BlackElo "2061"]
[PlyCount "47"]
[EventDate "2014.08.31"]
[EventType "swiss"]
[EventRounds "9"]
[EventCountry "ITA"]
[SourceTitle "EXT 2016"]
[Source "ChessBase"]
[SourceDate "2015.10.08"]
[SourceVersion "1"]
[SourceVersionDate "2015.10.08"]
[SourceQuality "1"]

1. d4 Nf6 2. c4 g6 3. Nc3 Bg7 4. e4 d6 5. f4 0-0 6. Nf3 c5 7. d5 e6 8. Be2 exd5 9. cxd5 Re8 10. e5 dxe5 11. fxe5 Ng4 12. e6 fxe6 13. Bg5 Qb6 14. Qd2 Nd7 15. dxe6 Nf8 16. e7 Ne6 17. 0-0 Nxg5 18. Nxg5 Bd4+ 19. Kh1 Ne3 20. Bf3 Nxf1 21. Rxf1 Bf5 22. g4 Bd7 23. Bd5+ Kg7 24. Rf7+ 1-0

[Event "CZE-chT 1314"]
[Site "Czech Republic"]
[Date "2013.12.01"]
[Round "4.6"]
[White "Rojicek, Vojtech"]
[Black "Poloch, Petr"]
[Result "1/2-1/2"]
[WhiteElo "2424"]
[BlackElo "2261"]
[PlyCount "58"]
[EventDate "2013.11.02"]
[EventType "team-tourn"]
[EventRounds "11"]
[EventCountry "CZE"]
[SourceTitle "CBM 157 Extra"]
[Source "ChessBase"]
[SourceDate "2013.12.19"]
[SourceVersion "1"]
[SourceVersionDate "2013.12.19"]
[SourceQuality "1"]
[WhiteTeam "Frydek Mistek"]
[BlackTeam "Karvina"]
[WhiteTeamCountry "CZE"]
[BlackTeamCountry "CZE"]

1. d4 Nf6 2. c4 e6 3. Nc3 Bb4 4. e3 c5 5. Nf3 Nc6 6. Bd3 Bxc3+ 7. bxc3 d6 8. 0-0 e5 9. Nd2 0-0 10. Rb1 b6 11. Ne4 Ne8 12. Ng3 g6 13. d5 Ne7 14. e4 Ng7 15. f4 f6 16. Rb2 Kh8 17. Rbf2 Ng8 18. h4 Bd7 19. h5 Nxh5 20. Nxh5 gxh5 21. fxe5 dxe5 22. Qxh5 Qe8 23. Qh4 Rf7 24. Bh6 Qe7 25. Be2 Rd8 26. Bh5 Nxh6 27. Bxf7 Nxf7 28. Rxf6 Rg8 29. Qh5 Ng5 1/2-1/2

[Event "Piestany op"]
[Site "Piestany"]
[Date "2013.11.22"]
[Round "6"]
[White "Poloch, Petr"]
[Black "Farkas, Gabor"]
[Result "0-1"]
[WhiteElo "2261"]
[BlackElo "2287"]
[PlyCount "60"]
[EventDate "2013.11.18"]
[EventType "swiss"]
[EventRounds "7"]
[EventCountry "SVK"]
[SourceTitle "CBM 157 Extra"]
[Source "ChessBase"]
[SourceDate "2013.12.19"]
[SourceVersion "1"]
[SourceVersionDate "2013.12.19"]
[SourceQuality "1"]

1. c4 g6 2. e4 Bg7 3. d4 d6 4. Nc3 e5 5. dxe5 Bxe5 6. Bd2 Nc6 7. Nf3 Bg4 8. Be2 Bxf3 9. Bxf3 Nd4 10. 0-0 Ne7 11. Be2 Bg7 12. Be3 c5 13. Qd2 Qb6 14. Rfd1 0-0 15. Nb5 Nec6 16. Bf1 Rfe8 17. Nc3 Qb4 18. Rac1 a6 19. Bh6 Ne5 20. Nd5 Nef3+ 21. gxf3 Nxf3+ 22. Kg2 Nxd2 23. Bxd2 Qxb2 24. Nc7 Qxa2 25. Nxa8 Rxa8 26. Bc3 Bxc3 27. Rxc3 Qb2 28. Rcd3 a5 29. Rxd6 Qe5 30. f3 a4 0-1

[Event "Piestany op"]
[Site "Piestany"]
[Date "2013.11.20"]
[Round "4"]
[White "Poloch, Petr"]
[Black "Sturc, Jan"]
[Result "1-0"]
[WhiteElo "2261"]
[BlackElo "1992"]
[PlyCount "61"]
[EventDate "2013.11.18"]
[EventType "swiss"]
[EventRounds "7"]
[EventCountry "SVK"]
[SourceTitle "CBM 157 Extra"]
[Source "ChessBase"]
[SourceDate "2013.12.19"]
[SourceVersion "1"]
[SourceVersionDate "2013.12.19"]
[SourceQuality "1"]

1. e4 e5 2. Nf3 Nc6 3. Bb5 a6 4. Ba4 Nf6 5. 0-0 b5 6. Bb3 Be7 7. Re1 0-0 8. a4 Bb7 9. c3 d5 10. axb5 axb5 11. Rxa8 Bxa8 12. exd5 Nxd5 13. d4 exd4 14. cxd4 Bb4 15. Bd2 Bxd2 16. Qxd2 b4 17. Qd3 Qd6 18. Nbd2 Nf4 19. Qe3 Nd5 20. Qg5 Nd8 21. Ne4 h6 22. Qd2 Qb6 23. Ne5 Re8 24. Nd7 Qg6 25. Nef6+ Nxf6 26. Nxf6+ Qxf6 27. Rxe8+ Kh7 28. d5 Qd6 29. Qe3 Bxd5 30. Qd3+ Qg6 31. Qxg6+ 1-0

[Event "Piestany op"]
[Site "Piestany"]
[Date "2013.11.18"]
[Round "1"]
[White "Orvisky, Vladimir"]
[Black "Poloch, Petr"]
[Result "0-1"]
[WhiteElo "1817"]
[BlackElo "2261"]
[PlyCount "88"]
[EventDate "2013.11.18"]
[EventType "swiss"]
[EventRounds "7"]
[EventCountry "SVK"]
[SourceTitle "CBM 157 Extra"]
[Source "ChessBase"]
[SourceDate "2013.12.19"]
[SourceVersion "1"]
[SourceVersionDate "2013.12.19"]
[SourceQuality "1"]

1. c4 e5 2. Nc3 d6 3. d3 g6 4. g3 Bg7 5. Bg2 c6 6. Bd2 Nf6 7. Nf3 0-0 8. 0-0 Nbd7 9. Qc1 Re8 10. b4 a6 11. a4 d5 12. cxd5 cxd5 13. Ng5 Nf8 14. a5 h6 15. Nh3 g5 16. f4 g4 17. Nf2 e4 18. dxe4 dxe4 19. Be3 Bf5 20. Rd1 N8d7 21. Qa3 Qe7 22. Rac1 Rac8 23. Nd5 Nxd5 24. Rxc8 Rxc8 25. Rxd5 Rc3 26. Qa4 Be6 27. Bc5 Nxc5 28. Rxc5 Rxc5 29. bxc5 Qxc5 30. Qe8+ Bf8 31. Bxe4 Qxa5 32. Bxb7 Qe1+ 33. Kg2 Qxe2 34. Qd8 Bc4 35. Qd1 Bc5 36. Qxe2 Bxe2 37. Bc8 h5 38. h3 gxh3+ 39. Nxh3 a5 40. Ng5 a4 41. Ne4 Bb4 42. Nf6+ Kg7 43. Nd5 Bd2 44. Nb6 a3 0-1

[Event "Imperia op-A 55th"]
[Site "Imperia"]
[Date "2013.09.07"]
[Round "9"]
[White "Stoppa, Omar"]
[Black "Poloch, Petr"]
[Result "1-0"]
[WhiteElo "2283"]
[BlackElo "2267"]
[PlyCount "39"]
[EventDate "2013.09.01"]
[EventType "swiss"]
[EventRounds "9"]
[EventCountry "ITA"]
[SourceTitle "EXT 2015"]
[Source "ChessBase"]
[SourceDate "2014.11.20"]
[SourceVersion "1"]
[SourceVersionDate "2014.11.20"]
[SourceQuality "1"]

1. e4 c5 2. d4 cxd4 3. c3 Nf6 4. e5 Nd5 5. Nf3 Nc6 6. Bc4 Nb6 7. Bb3 d6 8. exd6 Qxd6 9. 0-0 Be6 10. Na3 Bxb3 11. axb3 e6 12. Nb5 Qd7 13. Bf4 Rc8 14. Nxa7 Nxa7 15. Rxa7 Nd5 16. Ne5 Qc7 17. Qxd4 Qc5 18. Qa4+ b5 19. Qa6 Rb8 20. Nd7 1-0

[Event "Imperia op-A 55th"]
[Site "Imperia"]
[Date "2013.09.05"]
[Round "6"]
[White "Poloch, Petr"]
[Black "Raineri, Valerio"]
[Result "1-0"]
[WhiteElo "2267"]
[BlackElo "2125"]
[PlyCount "63"]
[EventDate "2013.09.01"]
[EventType "swiss"]
[EventRounds "9"]
[EventCountry "ITA"]
[SourceTitle "EXT 2015"]
[Source "ChessBase"]
[SourceDate "2014.11.20"]
[SourceVersion "1"]
[SourceVersionDate "2014.11.20"]
[SourceQuality "1"]

1. c4 Nf6 2. Nc3 g6 3. e4 d6 4. d4 Bg7 5. f4 0-0 6. Nf3 c5 7. d5 e6 8. Be2 exd5 9. cxd5 Nfd7 10. 0-0 Re8 11. Nd2 Na6 12. Bf3 Nc7 13. Nc4 Nf8 14. a4 b6 15. e5 Ba6 16. Nxd6 Bxf1 17. Qxf1 g5 18. Nxe8 Nxe8 19. Ne4 gxf4 20. Bxf4 Ng6 21. Bg5 f6 22. exf6 Bxf6 23. Nxf6+ Nxf6 24. d6 Rb8 25. Rd1 Kg7 26. b3 h6 27. Bc1 Ne5 28. Bb2 Nfd7 29. Bc6 Kg6 30. Be4+ Kg7 31. Qf5 Qf6 32. Qh7+ 1-0